[Event "ITA-ch (Women) 36th"]
[Site "Bratto"]
[Date "2009.08.29"]
[Round "9"]
[White "Restifo, Katiuscia Dolores"]
[Black "Zanaboni, Alessandra"]
[Result "1-0"]
[WhiteElo "1779"]
[BlackElo "1587"]
[PlyCount "121"]
[EventDate "2009.08.21"]
[EventType "swiss"]
[EventRounds "9"]
[EventCountry "ITA"]
[SourceTitle "EXT 1999"]
[Source "ChessBase"]
[SourceDate "1998.11.16"]
[SourceVersion "1"]
[SourceVersionDate "1998.11.16"]
[SourceQuality "1"]

1. d4 d5 2. Nf3 Nf6 3. e3 e6 4. Bd3 Be7 5. b3 0-0 6. 0-0 Nbd7 7. Bb2 c5 8. Nbd2 cxd4 9. exd4 b6 10. Ne5 Nxe5 11. dxe5 Nd7 12. Qh5 g6 13. Qh3 Nc5 14. Be2 f6 15. f4 f5 16. Rad1 Qc7 17. Ba3 Rb8 18. Nf3 Ne4 19. Bxe7 Qxe7 20. Nd4 Qc5 21. Kh1 Nc3 22. Rd2 Nxe2 23. Nxe2 Qa5 24. c3 Ba6 25. Rfd1 Qc5 26. Nd4 Qc8 27. Rc1 b5 28. Rdc2 Qd7 29. b4 Rbc8 30. Nb3 Qe7 31. Qg3 Bb7 32. Nd4 a6 33. a3 Kh8 34. h4 Rg8 35. Qg5 Qxg5 36. hxg5 Rce8 37. g3 Kg7 38. Rh2 Rh8 39. Rh6 Re7 40. Kg2 Kg8 41. Kf2 Kg7 42. Ke3 Kf7 43. Rch1 Kg7 44. Kd2 Bc8 45. Nf3 Ree8 46. Nd4 Bd7 47. Ra1 Rc8 48. Nb3 Rc7 49. Nc5 Bc8 50. a4 bxa4 51. Rxa4 Rc6 52. Kd3 Re8 53. Kd4 Re7 54. Rh1 Rb6 55. Ra5 Rb5 56. Rha1 Rxa5 57. Rxa5 Kf7 58. Nxa6 Bxa6 59. Rxa6 Rb7 60. Ra5 Rc7 61. Rc5 1-0